tiếng Anh thực hành trong các ngành dịch vụ

সংরক্ষণ করুন:
গ্রন্থ-পঞ্জীর বিবরন
বিন্যাস: গ্রন্থ
ভাষা:Undetermined
প্রকাশিত: Tp. HCM Tp HCM 2003
বিষয়গুলি:
ট্যাগগুলো: ট্যাগ যুক্ত করুন
কোনো ট্যাগ নেই, প্রথমজন হিসাবে ট্যাগ করুন!
Thư viện lưu trữ: Trung tâm Học liệu Trường Đại học Cần Thơ
LEADER 00565nam a2200181Ia 4500
001 CTU_57149
008 210402s9999 xx 000 0 und d
020 |b 64000 
082 |a 428.24 
082 |b T306 
245 0 |a tiếng Anh thực hành trong các ngành dịch vụ 
245 0 |c Nguyễn Thành Yến biên dịch 
260 |a Tp. HCM 
260 |b Tp HCM 
260 |c 2003 
650 |a english language,english language 
650 |x textbooks for foreign speakers,spoken english 
980 |a Trung tâm Học liệu Trường Đại học Cần Thơ